|
|
|
|
| LEADER |
00944nab a2200241 i 4500 |
| 001 |
acta78032 |
| 005 |
20230116122644.0 |
| 008 |
230116s2022 hu o 0|| hun d |
| 022 |
|
|
|a 2064-5929
|
| 024 |
7 |
|
|a 10.14232/belv.2022.3.11
|2 doi
|
| 040 |
|
|
|a SZTE Egyetemi Kiadványok Repozitórium
|b hun
|
| 041 |
|
|
|a hun
|
| 100 |
1 |
|
|a Mezei Tímea
|
| 245 |
1 |
0 |
|a Romológia - kutatástól az oktatásig = Romology - from reserarch to education
|h [elektronikus dokumentum] /
|c Mezei Tímea
|
| 260 |
|
|
|a Belvedere Meridionale
|b Szeged
|c 2022
|
| 300 |
|
|
|a 186-190
|
| 490 |
0 |
|
|a Belvedere Meridionale
|v 34 No. 3
|
| 650 |
|
4 |
|a Társadalomtudományok
|
| 650 |
|
4 |
|a Oktatástudomány
|
| 650 |
|
4 |
|a Szociológia
|
| 695 |
|
|
|a Cigánykutatás - Magyarország - könyvismertetés, Oktatás - cigányok - Magyarország - könyvismertetés
|
| 700 |
0 |
1 |
|a Forray R. Katalin
|
| 856 |
4 |
0 |
|u http://acta.bibl.u-szeged.hu/78032/1/belvedere_2022_003_186-190.pdf
|z Dokumentum-elérés
|